000
nam a22 7a 4500
999
_c
52938
_d
52938
003
OSt
005
20220709144410.0
008
220709b xxu||||| |||| 00| 0 eng d
040
_c
IIMT UNIVERSITY MEERUT
100
_a
GUPTA, D.K., SINGH
245
_a
SOFTWARE TESTING
260
_b
DHANPAT RAI
300
_a
170
942
_2
ddc
_c
09